000 00340nam a22001217a 4500
999 _c2910
_d2910
008 200318b ||||| |||| 00| 0 eng d
100 _92349
_aHalderman, J.D.
245 1 0 _aAutomatic engines: theory and servicing
_cby J.D. Halderman
260 _aNew Delhi:
_bPearson Education,
_cc
300 _ax
650 0 _aAutomatic Control
942 _cBK